Quizz PSG (QCM) - Statistiques

Statistiques générales
  • Ce quiz a été pris 1 485 fois
  • Le résultat moyen est 5 sur 10
Statistiques - réponses
Question Réponse % Correct
Quel était l'entraineur du club lors de la victoire en Coupe d'Europe en 1996? Luis Fernandez
76%
Contre quelle équipe le Paris-Saint-Germain avait-il gagné 9-0 lors de la saison 2015-2016 Troyes
75%
Quel joueur inscrit le but du maintien lors de la saison 2007-2008 permettant ainsi au Paris-Saint-Germain de rester en Ligue 1? Amara Diané
70%
En quelle année le club a-t-il été racheté par les Qataris? 2011
68%
Lequel de ces joueurs passé par le Paris-Saint-Germain est surnommé "El Fideo" Angel Di Maria
68%
Contre quelle équipe le club a-t-il remporté cette coupe en finale? Rapid Vienne
63%
Lequel de ces quatre joueurs n'a pas été formé au Paris-Saint-Germain? Kevin Gameiro
47%
Lequel de ces quatre joueurs a été recruté pour le plus cher au Paris-Saint-Germain? David Luiz
28%
Lequel de ces quatre joueurs a inscrit le moins de buts pour le Paris-Saint-Germain? George Weah
27%
Quel joueur a inscrit 8 triplés au Paris-Saint-Germain, plus haut total du club? Zlatan Ibrahimovic
27%
Aucun quiz correspondant
Distribution des résultats
% des personnes avec chaque résultat
Percentile par nombre de réponses
Votre historique - résultats
Vous n’avez pas pris ce quiz